| 000 | 00819nam a2200253Ia 4500 | ||
|---|---|---|---|
| 003 | GCL | ||
| 008 | 140319s9999 xx 000 0 ara d | ||
| 040 |
_aGCL / _cGCL |
||
| 082 | 0 | 4 |
_a916 _bا ا |
| 100 | 1 | _aاحمد على اسماعيل | |
| 245 | 1 | 0 |
_aافريقيا المعاصرة : البيئة والانسان والتحدى / _cاحمد على اسماعيل |
| 700 | 1 | _aامال اسماعيل شاور | |
| 300 | _a415 ص | ||
| 490 | _a | ||
| 650 | 0 | 4 | _aالجغرافيا الطبيعية |
| 650 | 0 | 4 | _aافريقيا |
| 650 | 0 | 4 | _aالسكان |
| 650 | 0 | 4 | _aالمناخ |
| 650 | 0 | 4 | _aالجغرافيا البشرية |
| 650 | 0 | 4 | _aالثروة المعدنية |
| 650 | 0 | 4 | _aالثروة المائية |
| 650 | 0 | 4 | _aافريقيا - الاحوال الاقتصادية |
| 942 |
_2ddc _cBK |
||
| 999 |
_c39694 _d39694 |
||